[Event "Barcelona Sant Marti op-B 23rd"]
[Site "Barcelona"]
[Date "2023.07.20"]
[Round "8"]
[White "Gonzalez Lopez, Marcelo"]
[Black "Reyes Marin, Raul"]
[Result "1-0"]
[WhiteElo "1866"]
[BlackElo "1725"]
[PlyCount "105"]
[EventDate "2023.07.13"]
[EventType "swiss"]
[EventRounds "9"]
[EventCountry "ESP"]
[SourceTitle "CBM 215 Extra"]
[Source "ChessBase"]
[SourceDate "2023.09.30"]
[SourceVersion "1"]
[SourceVersionDate "2023.09.30"]
[SourceQuality "1"]

1. e4 e5 2. Nf3 Nc6 3. Bb5 a6 4. Ba4 Nf6 5. d3 b5 6. Bb3 d5 7. exd5 Nxd5 8. h3 a5 9. a4 b4 10. 0-0 Be7 11. Re1 Qd6 12. Nbd2 Nb6 13. Ne4 Qg6 14. Ng3 0-0 15. Nxe5 Nxe5 16. Rxe5 Bf6 17. Re4 Bd7 18. Qh5 Kh8 19. Bf4 Bxb2 20. Rb1 Bc3 21. Qxg6 fxg6 22. Bxc7 Nxa4 23. Re7 Nc5 24. Be5 Nxb3 25. Bxc3 bxc3 26. Rxb3 a4 27. Ra3 Bc6 28. Ne4 Bxe4 29. Rxe4 h6 30. Rexa4 Rab8 31. f3 Rb1+ 32. Kf2 Rc1 33. Rxc3 Re8 34. Re4 Ra8 35. d4 h5 36. h4 Kh7 37. d5 Kh6 38. f4 g5 39. Re6+ Kh7 40. fxg5 Ra4 41. g6+ Kh6 42. Kg3 Rf1 43. Ree3 Rg4+ 44. Kh2 Rf2 45. Rg3 Rxh4+ 46. Rh3 Rxh3+ 47. Kxh3 Kxg6 48. d6 Rf8 49. Rd3 Rc8 50. d7 Rd8 51. c4 Kf7 52. c5 Ke7 53. c6 1-0